[Event "DIJA    "]
[Site "SchemingMind.com"]
[Date "2018.11.02"]
[Round "-"]
[White "Chessibelle"]
[Black "JAHI"]
[Result "0-1"]
[WhiteCountry "ENG"]
[BlackCountry "INT"]
[WhiteElo "1147"]
[WhiteRD "57"]
[BlackElo "2113"]
[BlackRD "78"]
[GameID "434194"]

1. e4 d6 2. d3 d5 3. Nd2 dxe4 4. Nxe4 Nf6 5. g3 Nxe4 6. Ne2 Nd6 7. Bg2 Bg4 8. O-O Bxe2 9. Qxe2 e6 10. c4 Nd7
11. b3 h6 12. f4 Be7 13. d4 c6 14. a4 h5 15. Be3 h4 16. Qg4 g6 17. Bh3 hxg3 18. Qxg3 Bh4 19. Qf3 Qc7 20. c5 Nf5
21. Bd2 Nxd4 22. Qd3 Bf6 23. Rae1 Rh4 24. b4 Rxf4 25. Bxf4 Ne5= 26. Kh1 Nxd3 27. Bxc7 Nxe1 28. Rxe1 Rc8 29. Bf4 Rd8 30. b5 Be7
31. Rf1 cxb5 32. Bg2 bxa4 33. Ra1 Nb3 34. Rxa4 Rd1+ 35. Bf1 Rxf1+
0-1

[Event "DIJA    "]
[Site "SchemingMind.com"]
[Date "2018.11.02"]
[Round "-"]
[White "JAHI"]
[Black "Chessibelle"]
[Result "1-0"]
[WhiteCountry "INT"]
[BlackCountry "ENG"]
[WhiteElo "2122"]
[WhiteRD "74"]
[BlackElo "1191"]
[BlackRD "61"]
[GameID "434195"]

1. c3 e5 2. d3 Be7 3. d4 f6 4. dxe5 fxe5 5. Nd2 d6 6. Ngf3 Nc6 7. Qc2 g6 8. h3 Nf6 9. a3 Be6 10. Ng5 Qd7
11. Nxe6 Qxe6 12. e3 O-O 13. e4 a6 14. Bc4 d5 15. exd5 Nxd5 16. Qe4 Qf6 17. Bxd5+ Kh8 18. Nf3 Bd6 19. Bh6 Rfe8 20. Ng5 Rab8
21. Nf7+ Kg8 22. Nxd6+ Kh8 23. Nf7+ Kg8 24. Bg5 Qg7 25. Nd6+ Kh8 26. Nxe8 Rxe8 27. Bxc6 bxc6 28. Qxc6 Rc8 29. Bf6
1-0

[Event "DIJA    "]
[Site "SchemingMind.com"]
[Date "2018.11.02"]
[Round "-"]
[White "Phillip Beckett"]
[Black "Chessibelle"]
[Result "0-1"]
[WhiteCountry "ENG"]
[BlackCountry "ENG"]
[WhiteElo "1536"]
[WhiteRD "53"]
[BlackElo "1255"]
[BlackRD "63"]
[GameID "434201"]

1. d4 d5 2. c4 Nf6 3. Nc3 c6 4. cxd5 cxd5 5. Nf3 e6 6. Bg5 Be7 7. e3 Bd7 8. Ne5 h6 9. Bh4 g5 10. Bg3 O-O
11. h4 Nh7 12. hxg5 Bxg5 13. Nf3 Bf6 14. Ne5 Ng5 15. Nxd7 Nxd7 16. Rxh6 Bg7 17. Rh1 f6 18. Qh5 Qb6 19. f4 Qxb2 20. Rb1 Qxc3+
21. Kf2 Qd2+ 22. Be2 Rac8 23. fxg5 Rf7 24. Qh7+ Kf8 25. Bd6+ Ke8 26. Qg8+ Nf8 27. Rh7 Rc2 28. Re1 fxg5+ 29. Kg1 Qxe3+ 30. Kh1 Qd2
31. Rxg7 Qxe1+ 32. Kh2 Qh4+ 33. Kg1 Rc1+ 34. Bf1 Rfxf1#
0-1

[Event "DIJA    "]
[Site "SchemingMind.com"]
[Date "2018.11.02"]
[Round "-"]
[White "Chessibelle"]
[Black "Phillip Beckett"]
[Result "0-1"]
[WhiteCountry "ENG"]
[BlackCountry "ENG"]
[WhiteElo "1255"]
[WhiteRD "63"]
[BlackElo "1536"]
[BlackRD "53"]
[GameID "434202"]

1. e4 e5 2. Nf3 Nc6 3. d3 Nf6 4. Nbd2 Be7 5. g3 d6 6. Be2 Bg4 7. O-O O-O 8. c4 h6 9. b3 Nh7 10. Bb2 f5
11. a3 f4 12. Qc2 fxg3 13. fxg3 Bxf3 14. Bxf3 Bg5 15. Nb1 Be3+ 16. Kg2 Ng5 17. Be2 Rxf1 18. Bxf1 Nd4 19. Qd1 Qf6 20. Nc3 Ngf3
21. Kh1 Qg5 22. Bg2 Qh5 23. h4 Qg4 24. Ne2 Bf2 25. Qf1 Bxg3 26. Bh3 Qxh4 27. Qg2 Ng5 28. Nxg3 Nxh3 29. Qh2 Nf3 30. Qg2 Nf4+
0-1

[Event "DIJA    "]
[Site "SchemingMind.com"]
[Date "2018.11.02"]
[Round "-"]
[White "Phillip Beckett"]
[Black "JAHI"]
[Result "0-1"]
[WhiteCountry "ENG"]
[BlackCountry "INT"]
[WhiteElo "1536"]
[WhiteRD "53"]
[BlackElo "2079"]
[BlackRD "74"]
[GameID "434203"]

1. d4 d6 2. c4 c6 3. e4 c5 4. dxc5 dxc5 5. Qxd8+ Kxd8 6. Nf3 Nc6 7. b3 Bg4 8. Be2 Bxf3 9. Bxf3 Nd4 10. Be3 Nc2+
0-1

[Event "DIJA    "]
[Site "SchemingMind.com"]
[Date "2018.11.02"]
[Round "-"]
[White "JAHI"]
[Black "Phillip Beckett"]
[Result "1-0"]
[WhiteCountry "INT"]
[BlackCountry "ENG"]
[WhiteElo "2122"]
[WhiteRD "74"]
[BlackElo "1514"]
[BlackRD "53"]
[GameID "434204"]

1. c3 Nf6 2. d3 e5 3. Bg5 Be7 4. Bxf6 Bxf6 5. d4 exd4 6. cxd4 c6 7. Qd2 Qb6 8. e3 d5 9. Bd3 Nd7 10. Nc3 O-O
11. Nf3 g6 12. h3 Bg7 13. Qc2 Nf6 14. Rb1 Be6 15. Qd2 Nd7 16. Rc1 f5 17. Ne2 Nf6 18. Nf4 Bf7 19. Ne5 Ne4 20. Bxe4 fxe4
21. Nd7 Qd8 22. Nxf8 Qxf8 23. Qc3 Qd8 24. Qb3 Qa5+ 25. Rc3 Bf8 26. Qxb7 Rd8 27. a3 Bxa3 28. Ke2 Bb4 29. Rxc6 Bf8 30. Rf6 Bg7
31. Rxf7 Qb6 32. Rxg7+ Kh8 33. Rxh7+ Kg8 34. Qg7#
1-0

[Event "DIJA    "]
[Site "SchemingMind.com"]
[Date "2018.11.13"]
[Round "-"]
[White "Phillip Beckett"]
[Black "alanpwhite"]
[Result "1-0"]
[WhiteCountry "ENG"]
[BlackCountry "ENG"]
[WhiteElo "1536"]
[WhiteRD "53"]
[BlackElo "1173"]
[BlackRD "115"]
[GameID "434620"]

1. d4 d5 2. c4 Nf6 3. Nc3 e6 4. Bg5 Be7 5. Nf3 Nc6 6. e3 h6 7. Bh4 g5 8. Bg3 g4 9. Nh4 Bb4 10. cxd5 exd5
11. Qc2 h5 12. a3 Bxc3+ 13. bxc3 Ne4 14. Bd3 Nxg3 15. hxg3 Ne7 16. Nf5 Nxf5 17. Bxf5 Qf6 18. Bxc8 Rxc8 19. Qa4+ Qc6 20. Qxc6+ bxc6
21. Rb1 f5 22. Ke2 O-O 23. Rb7 a5 24. Ra7 Ra8 25. Rxc7 Rfc8 26. Rxc8+ Rxc8 27. Rxh5 Rf8 28. Rh6 Rc8 29. Rf6 Rf8 30. Rxf8+
1-0

[Event "DIJA    "]
[Site "SchemingMind.com"]
[Date "2018.11.12"]
[Round "-"]
[White "alanpwhite"]
[Black "Phillip Beckett"]
[Result "0-1"]
[WhiteCountry "ENG"]
[BlackCountry "ENG"]
[WhiteElo "1173"]
[WhiteRD "115"]
[BlackElo "1536"]
[BlackRD "53"]
[GameID "434621"]

1. e4 e5 2. Nf3 Nc6 3. Nc3 Nf6 4. d3 Be7 5. Be2 d6 6. O-O O-O 7. b3 Nd4 8. Nxd4 exd4 9. Nd5 Nxd5 10. exd5 c5
11. Ba3 Bf5 12. b4 b6 13. bxc5 bxc5 14. Bg4 Qd7 15. h3 Bxg4 16. Qxg4 Qxg4 17. hxg4 Rfe8 18. Rfe1 Bg5 19. Rxe8+ Rxe8 20. Kf1 Kf8
21. Rb1 Re7 22. Rb8+ Re8 23. Rxe8+ Kxe8 24. g3 Kd7 25. f4 Bd8 26. g5 f6 27. Bc1 fxg5 28. fxg5 Ba5 29. Ke2 Ke7
0-1

[Event "DIJA    "]
[Site "SchemingMind.com"]
[Date "2018.11.12"]
[Round "-"]
[White "Chessibelle"]
[Black "alanpwhite"]
[Result "1-0"]
[WhiteCountry "ENG"]
[BlackCountry "ENG"]
[WhiteElo "1255"]
[WhiteRD "63"]
[BlackElo "1173"]
[BlackRD "115"]
[GameID "434622"]

1. e4 a6 2. d3 e5 3. Nf3 Nf6 4. Be2 Nc6 5. O-O Be7 6. g3 d6 7. Nbd2 O-O 8. c4 b5 9. b3 h6 10. a4 b4
11. Re1 Bh3 12. Bb2 Nd7 13. d4 exd4 14. Nxd4 Nxd4 15. Bxd4 Nc5 16. Bf3 Nd3 17. Re2 a5 18. Be3 Bg5 19. Nf1 Bxe3 20. Nxe3 Ne5
21. Bh1 Re8 22. Nd5 Rc8 23. Rc1 Bg4 24. f3 Nxf3+ 25. Kf2 Ne5 26. Nf4 Bxe2 27. Kxe2 Ng4 28. Qg1 c5 29. Kf3
1-0

[Event "DIJA    "]
[Site "SchemingMind.com"]
[Date "2018.11.12"]
[Round "-"]
[White "alanpwhite"]
[Black "Chessibelle"]
[Result "0-1"]
[WhiteCountry "ENG"]
[BlackCountry "ENG"]
[WhiteElo "1173"]
[WhiteRD "115"]
[BlackElo "1255"]
[BlackRD "63"]
[GameID "434623"]

1. e4 e5 2. Nf3 d6 3. d3 Be7 4. Nc3 Nf6 5. Bg5 O-O 6. h3 Nbd7 7. Qd2 b6 8. O-O-O c5 9. Nh4 Qe8 10. Nf5 Bd8
11. Bh6 g6 12. Bxf8 Qxf8 13. Qh6 Nh5 14. Qxf8+ Nxf8 15. Nxd6 Be6 16. Nd5 Bg5+ 17. Kb1 Nd7 18. g3 Rf8 19. h4 Bd8 20. Nb7 a5
21. Nxd8 Rxd8 22. c4 Bg4 23. Rc1 Ng7 24. Ne3 Bf3 25. Rg1 f5 26. g4 fxe4 27. Nd5 Re8 28. g5 Bh5 29. Bh3 Nf5 30. dxe4 Nd4
0-1

[Event "DIJA    "]
[Site "SchemingMind.com"]
[Date "2018.11.13"]
[Round "-"]
[White "JAHI"]
[Black "alanpwhite"]
[Result "1-0"]
[WhiteCountry "INT"]
[BlackCountry "ENG"]
[WhiteElo "2079"]
[WhiteRD "74"]
[BlackElo "1173"]
[BlackRD "115"]
[GameID "434624"]

1. c3 e5 2. d3 d5 3. d4 e4 4. f3 Nf6 5. fxe4 Nxe4 6. g3 Bg4 7. Qb3 b6 8. Nd2 Nxd2 9. Bxd2 Nd7 10. Qxd5 Be6
11. Qf3 Bd6 12. Bg2 Rb8 13. Nh3 O-O 14. Qd3 Qf6 15. Ng5 Bf5 16. Qb5 h6 17. Rf1 hxg5 18. Rxf5
1-0

[Event "DIJA    "]
[Site "SchemingMind.com"]
[Date "2018.11.13"]
[Round "-"]
[White "alanpwhite"]
[Black "JAHI"]
[Result "0-1"]
[WhiteCountry "ENG"]
[BlackCountry "INT"]
[WhiteElo "1173"]
[WhiteRD "115"]
[BlackElo "2079"]
[BlackRD "74"]
[GameID "434625"]

1. e4 d6 2. d4 d5 3. e5 f6 4. Nc3 fxe5 5. dxe5 e6 6. Nf3 Nc6 7. Bg5 Qd7 8. Bb5 a6 9. Bd3 Qf7 10. Nb5 axb5
11. Bxb5 Ne7 12. O-O h6 13. Be3 Bd7 14. Bc5 Ng6 15. Bxf8 Rxf8 16. Qd2 Ngxe5 17. Nxe5 Nxe5
0-1

[Event "DIJA    "]
[Site "SchemingMind.com"]
[Date "2018.11.24"]
[Round "-"]
[White "Phillip Beckett"]
[Black "krzysztof"]
[Result "1-0"]
[WhiteCountry "ENG"]
[BlackCountry "POL"]
[WhiteElo "1514"]
[WhiteRD "53"]
[BlackElo "1529"]
[BlackRD "72"]
[GameID "434995"]

1. d4 a6 2. e4 e6 3. Nc3 Bb4 4. Bd2 c5 5. dxc5 Bxc5 6. f3 Nc6 7. Bd3 b5 8. Qe2 Nh6 9. O-O-O b4 10. Nb1 Nd4
11. Qe1 a5 12. Ne2 Qb6 13. Nxd4 Bxd4 14. Bxh6 gxh6 15. c3 Be3+ 16. Kc2 Bg5 17. Qg3 Qc5 18. Be2 e5 19. Rd5 Qc7 20. Rhd1 Bf6
21. Bb5 bxc3 22. Nxc3 Ra7 23. Bxd7+ Bxd7 24. Rxd7 Qxd7 25. Rxd7 Rxd7 26. Nd5 Rxd5 27. exd5 Kd7 28. f4 e4 29. Qg4+ Ke7 30. Qf5 Rd8
31. g4 Rd6 32. Qxe4+ Kd7 33. g5 hxg5 34. fxg5 Be7 35. Qf5+ Kc7 36. Qxf7 Kd7 37. h4 h6 38. Qf5+ Kd8 39. Qe5 hxg5 40. hxg5 Rg6
41. Qb8+ Kd7 42. Qb7+ Ke8 43. Qc8+ Kf7 44. Qf5+ Kg7 45. Qe5+ Kf7 46. a3 Rxg5 47. Qe6+ Kf8 48. d6 Bxd6 49. Qxd6+ Kf7 50. Qd7+ Kg6
51. Qe6+ Kh5 52. Qf7+ Kh4 53. Qf6 Kh5 54. Qxg5+ Kxg5 55. b4 axb4 56. axb4 Kf6 57. Kc3 Ke7 58. Kc4 Kd8 59. Kc5 Kc8 60. Kb6 Kb8
61. b5 Ka8 62. Kc7 Ka7 63. b6+ Ka8 64. b7+ Ka7 65. b8=Q+ Ka6 66. Qb6#
1-0

[Event "DIJA    "]
[Site "SchemingMind.com"]
[Date "2018.11.23"]
[Round "-"]
[White "krzysztof"]
[Black "Phillip Beckett"]
[Result "1/2-1/2"]
[WhiteCountry "POL"]
[BlackCountry "ENG"]
[WhiteElo "1529"]
[WhiteRD "72"]
[BlackElo "1514"]
[BlackRD "53"]
[GameID "434996"]

1. e3 e5 2. a3 d5 3. h3 Nc6 4. Nc3 Nf6 5. Bb5 Bd7 6. Qe2 Be7 7. d4 exd4 8. Bxc6 Bxc6 9. exd4 O-O 10. Be3 Bd6
11. Nf3 Re8 12. O-O-O Bf4 13. Ne5 Bxe5 14. dxe5 Rxe5 15. Qd2 Re8 16. Bd4 Ne4 17. Nxe4 dxe4 18. Be3 Qxd2+ 19. Rxd2 a6 20. Rhd1 f5
21. g3 Kf7 22. g4 fxg4 23. hxg4 h6 24. Rf1 Rad8 25. Rd4 Rxd4 26. Bxd4 g5 27. c3 Re6 28. Be3 Bb5 29. Rh1 Kg6 30. Rd1 Rd6
31. Bd4 b6 32. b3 c5 33. Be3 Rxd1+ 34. Kxd1 Bd7 35. c4 Bxg4+ 36. Kd2 h5 37. b4 cxb4 38. axb4 Be6 39. c5 bxc5 40. Bxc5 h4
41. Ke3 g4 42. Kf4 Bf5 43. Be3 h3 44. Kg3 Kh5 45. Kh2 Kh4 46. Bc5 Bd7 47. Bd6 Bb5 48. Bg3+ Kh5 49. Bf4 Kg6 50. Bg3 Kf5=
51. Bd6 Be2 52. Kg3 Bf3= 53. Bf4 Be2 54. Be3 Bf3= 55. Bf4 Be2 56. Be3 Bf3 57. Kh2 Be2 58. Kg3
1/2-1/2

[Event "DIJA    "]
[Site "SchemingMind.com"]
[Date "2018.11.24"]
[Round "-"]
[White "krzysztof"]
[Black "Chessibelle"]
[Result "1-0"]
[WhiteCountry "POL"]
[BlackCountry "ENG"]
[WhiteElo "1529"]
[WhiteRD "72"]
[BlackElo "1191"]
[BlackRD "61"]
[GameID "434997"]

1. h3 e6 2. d3 d5 3. Bf4 Nc6 4. a3 Nf6 5. Nf3 Bd6 6. Bh2 O-O 7. g4 g5 8. h4 Nxg4 9. Bh3 f5 10. e3 Nf6
11. hxg5 Nh5 12. Rg1 Ne7 13. Ne5 Ng7 14. d4 c6 15. Nd2 b5 16. Ndf3 Qa5+ 17. c3 c5 18. Nh4 Qb6 19. g6 h6 20. Bf4 h5
21. Bh6 Ba6 22. Bxg7 Kxg7 23. Qxh5 b4 24. Qh7+ Kf6 25. g7 Rg8 26. Qh6+ Ng6 27. Rxg6+ Ke7 28. Rxe6+ Kd8 29. Rxd6+ Qxd6 30. Qxd6+
1-0

[Event "DIJA    "]
[Site "SchemingMind.com"]
[Date "2018.11.24"]
[Round "-"]
[White "Chessibelle"]
[Black "krzysztof"]
[Result "0-1"]
[WhiteCountry "ENG"]
[BlackCountry "POL"]
[WhiteElo "1191"]
[WhiteRD "61"]
[BlackElo "1529"]
[BlackRD "72"]
[GameID "434998"]

1. e4 a6 2. d3 e6 3. Bd2 Bc5 4. Nf3 Ba7 5. Nc3 b5 6. d4 Bb7 7. b4 c6 8. a3 d6 9. g3 e5 10. Bg5 f6
11. Be3 Nd7 12. Nh4 Nf8 13. Bg2 g6 14. O-O h5 15. Nf3 g5 16. h4 gxh4 17. Nxh4 Qd7 18. d5 O-O-O 19. Bxa7 Ne7 20. Nf3 Nfg6
21. Qe1 Rdg8 22. Qe3 h4 23. Bb6 h3 24. Bh1 Nf4 25. Qc1 h2+ 26. Nxh2 Qh3 27. Rd1 Qxh2+ 28. Kf1 Qxh1#
0-1

[Event "DIJA    "]
[Site "SchemingMind.com"]
[Date "2018.11.24"]
[Round "-"]
[White "krzysztof"]
[Black "JAHI"]
[Result "0-1"]
[WhiteCountry "POL"]
[BlackCountry "INT"]
[WhiteElo "1574"]
[WhiteRD "62"]
[BlackElo "2157"]
[BlackRD "82"]
[GameID "434999"]

1. a3 f6 2. e3 e6 3. Bc4 d6 4. Ba2 c6 5. Nh3 e5 6. Qf3 Bxh3 7. Qxh3 d5 8. Nc3 Qd7 9. g4 Bd6 10. d3 Ne7
11. Qh5+ g6 12. Qh4 Na6 13. e4 Nc7 14. g5 f5 15. f3 Ne6 16. exd5 Nxd5 17. Bd2 Nd4 18. O-O-O Nxf3 19. Qf2 Nxd2 20. Qxd2 Nxc3
21. Qxc3 Bc7 22. h4 Qe7 23. Rde1 Rf8 24. Bc4 Rh8 25. Qb3 Ba5 26. Re2 Qg7 27. Be6 Kd8 28. Rd1 Re8 29. d4 exd4 30. Qd3 Bb6
31. c3 Qc7 32. c4 Qf4+ 33. Kc2 Kc7 34. b4 c5 35. b5 Rad8 36. Bd5 Ba5 37. Bf3 Rxe2+ 38. Bxe2 Re8 39. Bf3 Re3 40. Qf1 Rxf3
41. Qh1 Qe4+ 42. Rd3 Qxd3+ 43. Kc1 Qd2+ 44. Kb1 Rb3+ 45. Ka1 Qb2#
0-1

[Event "DIJA    "]
[Site "SchemingMind.com"]
[Date "2018.11.24"]
[Round "-"]
[White "JAHI"]
[Black "krzysztof"]
[Result "1-0"]
[WhiteCountry "INT"]
[BlackCountry "POL"]
[WhiteElo "2113"]
[WhiteRD "78"]
[BlackElo "1528"]
[BlackRD "71"]
[GameID "435000"]

1. c3 d6 2. d3 h5 3. g3 g6 4. Bg2 Bh6 5. h3 Na6 6. g4 h4 7. d4 g5 8. Nf3 f6 9. Nbd2 b5 10. Nxh4 d5
11. Ng6 Rh7 12. Qc2 Rg7 13. Nf1 Qd7 14. Ng3 Rf7 15. h4 e6 16. hxg5 fxg5 17. Ne5 Qe7 18. Qg6 Qf6 19. Qxg8+ Rf8 20. Qh7 Bg7
21. Qh5+ Rf7 22. Nf5 exf5 23. Bxd5 Be6 24. Bxg5 Bxd5 25. Bxf6 Kf8 26. Qh8+ Bxh8 27. Rxh8#
1-0

[Event "DIJA    "]
[Site "SchemingMind.com"]
[Date "2018.11.25"]
[Round "-"]
[White "Phillip Beckett"]
[Black "Transcendent"]
[Result "1-0"]
[WhiteCountry "ENG"]
[BlackCountry "ENG"]
[WhiteElo "1526"]
[WhiteRD "52"]
[BlackElo "1226"]
[BlackRD "68"]
[GameID "435066"]

1. d4 d5 2. c4 c6 3. cxd5 cxd5 4. Nc3 Nf6 5. Bg5 e6 6. Nf3 Nc6 7. e3 a6 8. a3 Be7 9. Bd3 h6 10. Bh4 O-O
11. O-O Bd7 12. Qc2 Ne8 13. Bxe7 Qxe7 14. Rfc1 Rc8 15. Qe2 Na5 16. Qd1 Nd6 17. b4 Nb3 18. Qxb3 Nc4 19. Na4 Bxa4 20. Qxa4 Nb2
21. Qb3 Nxd3 22. Qxd3 b5 23. Ne5 Qg5 24. Nd7 Rfd8 25. Nc5 Rc6 26. f4 Qg4 27. Rf1 g6 28. Rf3 Kg7 29. Rg3 Qh4 30. Rf1 Qe7
31. f5 exf5 32. Qxf5 Rf6 33. Qxf6+ Qxf6 34. Rxf6 Kxf6 35. Rf3+ Kg7 36. g4 Ra8 37. Kf2 a5 38. h4 axb4 39. axb4 Ra2+ 40. Kg3 Rb2
41. Nd3 Rb3 42. Ne5 f6 43. Nc6
1-0

[Event "DIJA    "]
[Site "SchemingMind.com"]
[Date "2018.11.25"]
[Round "-"]
[White "Transcendent"]
[Black "krzysztof"]
[Result "0-1"]
[WhiteCountry "ENG"]
[BlackCountry "POL"]
[WhiteElo "1226"]
[WhiteRD "68"]
[BlackElo "1574"]
[BlackRD "62"]
[GameID "435068"]

1. d4 e6 2. e4 Na6 3. Nf3 Bb4+ 4. c3 Be7 5. Be3 d5 6. e5 c5 7. Be2 c4 8. O-O f6 9. Nbd2 f5 10. Re1 h6
11. Nf1 g5 12. b3 g4 13. N3d2 h5 14. bxc4 h4 15. cxd5 Qxd5 16. f3 g3 17. hxg3 h3 18. c4 Qc6 19. Rb1 hxg2 20. Kxg2 Bb4
0-1

[Event "DIJA    "]
[Site "SchemingMind.com"]
[Date "2018.11.25"]
[Round "-"]
[White "krzysztof"]
[Black "Transcendent"]
[Result "1-0"]
[WhiteCountry "POL"]
[BlackCountry "ENG"]
[WhiteElo "1574"]
[WhiteRD "62"]
[BlackElo "1226"]
[BlackRD "68"]
[GameID "435069"]

1. a3 d5 2. e3 Nf6 3. Nf3 c5 4. Nc3 Nc6 5. Bb5 Bd7 6. d4 e6 7. Be2 Be7 8. h3 O-O 9. Bd3 Rc8 10. Ne5 cxd4
11. exd4 Kh8 12. Be3 Ne8 13. Qh5 Nf6 14. Qf3 Qc7 15. Nxd7 Qxd7 16. g4 Na5 17. g5 Ne8 18. h4 Nc4 19. Bxc4 Rxc4 20. h5 a6
21. Rd1
1-0

[Event "DIJA    "]
[Site "SchemingMind.com"]
[Date "2018.11.25"]
[Round "-"]
[White "Chessibelle"]
[Black "Transcendent"]
[Result "1-0"]
[WhiteCountry "ENG"]
[BlackCountry "ENG"]
[WhiteElo "1229"]
[WhiteRD "60"]
[BlackElo "1226"]
[BlackRD "68"]
[GameID "435071"]

1. e4 e6 2. Nc3 d5 3. Bd3 c5 4. Nf3 Nf6 5. O-O d4 6. Ne2 Bd7 7. b3 Nc6 8. c3 e5 9. Bb2 Bd6 10. Re1 O-O
11. a3 a6 12. c4 Ne8 13. g3 f5 14. Nc1 f4 15. Ne2 fxg3 16. Nxg3 Bg4 17. Be2 d3 18. Bxd3 Bxf3 19. Qc2 Qh4 20. Bf1 Nd4
21. Qc3 Bh5 22. Bg2 Bf3 23. Bxf3 Nxf3+ 24. Kg2 Qxh2+ 25. Kf1 Nxe1 26. Kxe1 Qg1+ 27. Ke2 Rxf2+ 28. Kd3 Qxg3+ 29. Kc2 Qxc3+ 30. Kxc3 Nf6
31. d3 b5 32. b4 cxb4+ 33. Kb3 bxc4+ 34. Kxc4 Rxb2 35. a4 a5 36. Kb5 Rb3 37. Kc6
1-0

[Event "DIJA    "]
[Site "SchemingMind.com"]
[Date "2018.11.26"]
[Round "-"]
[White "Transcendent"]
[Black "JAHI"]
[Result "0-1"]
[WhiteCountry "ENG"]
[BlackCountry "INT"]
[WhiteElo "1257"]
[WhiteRD "64"]
[BlackElo "2166"]
[BlackRD "78"]
[GameID "435072"]

1. d4 d6 2. c4 c6 3. Nc3 c5 4. d5 e6 5. g3 exd5 6. cxd5 Nf6 7. Bg2 Bd7 8. Nf3 Bg4 9. Nd2 Be7 10. h3 Bc8
11. O-O Nbd7 12. e4 Rb8 13. a4 a6 14. f4 Qc7
0-1

[Event "DIJA    "]
[Site "SchemingMind.com"]
[Date "2018.11.25"]
[Round "-"]
[White "JAHI"]
[Black "Transcendent"]
[Result "1-0"]
[WhiteCountry "INT"]
[BlackCountry "ENG"]
[WhiteElo "2157"]
[WhiteRD "82"]
[BlackElo "1226"]
[BlackRD "68"]
[GameID "435073"]

1. c3 d5 2. c4 c6 3. cxd5 cxd5 4. Nf3 Nf6 5. e3 Nc6 6. Bb5 Bd7 7. b3 e6 8. Bb2 Rc8 9. Nc3 Be7 10. Rc1 O-O
11. Bxc6 bxc6 12. Ne5 Bd6 13. Na4 c5 14. Nxd7 Nxd7 15. h3
1-0

[Event "DIJA    "]
[Site "SchemingMind.com"]
[Date "2018.12.09"]
[Round "-"]
[White "Phillip Beckett"]
[Black "Allan Sedstrem"]
[Result "1-0"]
[WhiteCountry "ENG"]
[BlackCountry "SCO"]
[WhiteElo "1537"]
[WhiteRD "52"]
[BlackElo "1600"]
[BlackRD "65"]
[GameID "435745"]

1. d4 d5 2. c4 Nf6 3. Nc3 dxc4 4. Qa4+ Nc6 5. e3 e6 6. Bxc4 Bd7 7. Qc2 Bd6 8. a3 O-O 9. Nf3 Ne7 10. Ne4 Nxe4
11. Qxe4 Bc6 12. Qg4 h6 13. Bd3 f5 14. Qh3 Kh7 15. Ng5+ Kg8 16. Nxe6 Qe8 17. Nxf8 Qxf8 18. O-O Qf6 19. Bd2 Kh7 20. g4 g6
21. gxf5 Rg8 22. fxg6+ Nxg6 23. f4 Rg7 24. Kf2 Bd7 25. Qg2 Qh4+ 26. Ke2 Bh3 27. Qe4 Bxf1+ 28. Rxf1 Qxh2+ 29. Rf2 Qh5+ 30. Ke1 Kh8
31. Qe8+ Rg8 32. Qf7 Qg4 33. Qf6+ Kh7 34. Bf5 Qg1+ 35. Rf1 Qg3+ 36. Ke2 Rf8 37. Bxg6+ Qxg6 38. Qxg6+ Kxg6 39. Rg1+ Kh7 40. Bc3 Re8
41. Kd3 h5 42. Rh1 Kh6 43. Be1 Rd8 44. Bh4 Rg8 45. Bg5+ Kg6 46. Bh4 c5 47. Rg1+ Kf7 48. Rxg8 Kxg8 49. dxc5 Bxc5 50. e4 Kf7
51. Kc4 Be3 52. f5 Bf4 53. Kd5 a6 54. e5 Bc1 55. b3 Bxa3 56. e6+ Ke8 57. f6 Bf8 58. e7 Bh6 59. Ke6 Bf8 60. exf8=Q+ Kxf8
61. f7 b5 62. Be7+ Kg7 63. f8=Q+ Kg6 64. Qf6+ Kh7 65. Qf5+
1-0

[Event "DIJA    "]
[Site "SchemingMind.com"]
[Date "2018.12.09"]
[Round "-"]
[White "Allan Sedstrem"]
[Black "Phillip Beckett"]
[Result "0-1"]
[WhiteCountry "SCO"]
[BlackCountry "ENG"]
[WhiteElo "1580"]
[WhiteRD "74"]
[BlackElo "1514"]
[BlackRD "53"]
[GameID "435746"]

1. e4 e5 2. Nf3 Nc6 3. Bc4 Nf6 4. O-O Be7 5. a3 d6 6. h3 O-O 7. d3 Nd4 8. Nxd4 exd4 9. Nd2 c5 10. f4 Be6
11. e5 dxe5 12. fxe5 Nd5 13. Nf3 Nc7 14. Bxe6 Nxe6 15. Bf4 Nxf4 16. Kh2 f6 17. e6 Nxe6 18. Qe2 Nc7 19. Rae1 Bd6+ 20. g3 Nd5
21. Kg2 Ne3+ 22. Kf2 Qc7 23. Rg1 Rae8 24. Ne5 fxe5+
0-1

[Event "DIJA    "]
[Site "SchemingMind.com"]
[Date "2018.12.10"]
[Round "-"]
[White "Transcendent"]
[Black "Allan Sedstrem"]
[Result "0-1"]
[WhiteCountry "ENG"]
[BlackCountry "SCO"]
[WhiteElo "1257"]
[WhiteRD "64"]
[BlackElo "1600"]
[BlackRD "65"]
[GameID "435747"]

1. d4 d5 2. c4 c6 3. Nf3 Nf6 4. Qc2 e6 5. g3 Be7 6. Bg2 O-O 7. O-O Nbd7 8. b3 dxc4 9. bxc4 b6 10. Nc3 Ba6
11. Nd2 Bb7
0-1

[Event "DIJA    "]
[Site "SchemingMind.com"]
[Date "2018.12.10"]
[Round "-"]
[White "Allan Sedstrem"]
[Black "Transcendent"]
[Result "1-0"]
[WhiteCountry "SCO"]
[BlackCountry "ENG"]
[WhiteElo "1600"]
[WhiteRD "65"]
[BlackElo "1257"]
[BlackRD "64"]
[GameID "435748"]

1. e4 e6 2. d4 d5 3. e5 c5 4. Nf3 cxd4 5. Nxd4 Nc6 6. Bb5 Bd7 7. Nc3 Nxe5 8. Bf4 Nc6 9. O-O Nf6 10. a4 a6
11. Nxc6 Bxc6 12. Re1 axb5 13. Nxb5
1-0

[Event "DIJA    "]
[Site "SchemingMind.com"]
[Date "2018.12.09"]
[Round "-"]
[White "krzysztof"]
[Black "Allan Sedstrem"]
[Result "0-1"]
[WhiteCountry "POL"]
[BlackCountry "SCO"]
[WhiteElo "1521"]
[WhiteRD "67"]
[BlackElo "1600"]
[BlackRD "65"]
[GameID "435749"]

1. e3 e5 2. Na3 d5 3. c4 Nf6 4. cxd5 Nxd5 5. Bc4 Be6 6. Qb3 Nb6 7. Bxe6 fxe6 8. Qxe6+ Qe7 9. Qg4 N8d7 10. Ne2 O-O-O
11. O-O h5 12. Qg6 Rh6 13. Qe4 g5 14. Nb5 a6 15. Nbc3 Nf6 16. Qf5+ Nbd7 17. Qxg5 Qh7 18. h3 Be7 19. Qg3 Bd6 20. f4 Rg8
21. Qf3 Rhg6 22. g3 h4 23. Kg2 Rf8 24. Ne4 Nxe4 25. d3 Ng5 26. Qd5 Nf6 27. Qc4 Nxh3 28. Qe6+ Kb8 29. Qxh3 Qh5 30. Rf3 e4
31. dxe4 Nxe4 32. Qxh4 Qxh4 33. Kg1 Qh3 34. Bd2 Nxd2 35. Rf2 Rh8 36. Rg2 Qh1+ 37. Kf2 Qxa1 38. Rg1 Rh2+ 39. Rg2 Qf1#
0-1

[Event "DIJA    "]
[Site "SchemingMind.com"]
[Date "2018.12.09"]
[Round "-"]
[White "Allan Sedstrem"]
[Black "krzysztof"]
[Result "1-0"]
[WhiteCountry "SCO"]
[BlackCountry "POL"]
[WhiteElo "1596"]
[WhiteRD "62"]
[BlackElo "1574"]
[BlackRD "62"]
[GameID "435750"]

1. e4 e6 2. e5 d6 3. d4 d5 4. Nf3 b6 5. Be3 Ba6 6. Bxa6 Nxa6 7. O-O Nh6 8. Qd3 Nb8 9. Nbd2 Be7 10. Rac1 f6
11. exf6 Bxf6 12. Bxh6 gxh6 13. Rfe1 Kf7 14. Qe3 Bg5 15. Qxe6+ Kg7 16. Nxg5 hxg5 17. Re5 h6 18. Rxd5 Qf6 19. Re1 Na6 20. Rd7+ Kg6
21. Qg4 Rae8 22. Ne4 Rxe4 23. Qxe4+ Qf5 24. Qxf5+ Kxf5 25. Re5+ Kg6 26. Re3 Rf8 27. c3 Rf6 28. b4 b5 29. f3 Rc6 30. d5 Rd6
31. Rxd6+ cxd6 32. Re6+ Kf5 33. Rxd6 Nc7 34. Rd7 Ne8 35. Rxa7 Nd6 36. a4 bxa4 37. Rxa4 Nb5 38. c4 Nc3 39. Ra8 Ke5 40. b5 Kd6
41. Kf2 Kc7 42. Rh8 Na4 43. Rxh6 Nc5 44. Rc6+ Kd7 45. Rxc5
1-0